000 00445nam a2200145Ia 4500
003 OSt
005 20260331140602.0
008 211028s2011 xx 000 0 und d
040 _cAIMIT LIBRARY
041 _aeng
100 _aS Sujith;Suresh, Rajani.
_g916035
_96798
245 _aFeasibility of establishing a volkswagen service centre and an extension outlet in Udupi District /
260 _aUdupi
_bSuresh, Rajani
_c2011
942 _2ddc
_cPRO
999 _c218368
_d218368